Quiz o Rzeszowie. 15Pytań - Statystyki

Ogólne statystyki
  • Ten quiz został rozwiązany 12 razy
  • Średni wynik to 9 z 15
Statystyki odpowiedzi
Zagadnienie Odpowiedź % Poprawnych
Czy w Rzeszowie jest Katedra? Tak
92%
W jakim Województwie leży Rzeszów Podkarpackim
83%
Rejestracja samochodowa Rzeszowa to... RZ
83%
Co znajduje się pod płytą rzeszowskiego Rynku? Sieć dawnych piwnic kupieckich udostępniona jako trasa turystyczna
83%
Które zdjęcie to herb Rzeszowa?
75%
Czy w Rzeszowie są tramwaje? Nie
75%
Jaka Rzeka przepływa przez Rzeszów? Wisłok
75%
Rzeszów posiada jedyną w Polsce i jedną z nielicznych w Europie kładkę dla pieszych o nietypowym kształcie. Jakim? Kształt pełnego okręgu
67%
Obecny prezydent miasta to... Konrad Fiołek
58%
Wiek, w którym założono miasto to... XIV
58%
Ile mieszkańsów w zaokrągleniu ma Rzeszóq? 200tyś
50%
W którym roku skończono remont stacji PKP w Rzeszowie? 2025r
50%
Rzeszów na rok 2026 jest stolicą... Innowacjii
42%
Skąd pochodzi nazwa Rzeszów? Od staropolskiego imienia Rzech
33%
Ile osiedli jest w Rzeszowie? 33
8%
Nie znaleziono quizów pasujących do podanych kryteriów
Rozkład punktacji
Procent ludzi z każdym wynikiem
Percentyl według liczby udzielonych odpowiedzi
Twoja historia wyników
Nie rozwiązałeś tego quizu